000
00396nam a22001697a 4500
003
MPLRDC
005
20220104145644.0
008
210129b ||||| |||| 00| 0 eng d
082
_a
112 CSS
100
_a
蔡尚思
245
_a
中国思想研究法
_c
250
_a
三版
260
_a
_b
商务印书馆
_c
1940
300
_b
平
650
_a
中国学术; 思想
942
_c
BK
_o
112 CSS
999
_c
51440
_d
51430